| 000 | 00354pam a2200133 a 4500 | ||
|---|---|---|---|
| 020 | _c | ||
| 041 | _h | ||
| 082 |
_a751.422 _bTAI |
||
| 100 | _aWendy Tait . | ||
| 245 |
_aReady to Paint water cjolour flowers _bReady to Paint water cjolour flowers _hTextual Documents |
||
| 260 |
_a[s.l]: _bSearch Press |
||
| 300 |
_a48: _bpaper. |
||
| 930 | _a7993 | ||
| 999 |
_c241783 _d241783 |
||